Agriculture diversification: problems and perspective (Record no. 13603)
[ view plain ]
| 000 -LEADER | |
|---|---|
| fixed length control field | 00401cam a2200133ua 4500 |
| 020 ## - INTERNATIONAL STANDARD BOOK NUMBER | |
| ISBN | 9789380026497 |
| 100 ## - MAIN ENTRY--AUTHOR NAME | |
| Personal name | Sharma A K, |
| 245 0# - TITLE STATEMENT | |
| Title | Agriculture diversification: problems and perspective |
| 250 ## - EDITION STATEMENT | |
| Edition statement | 1. |
| 260 ## - PUBLICATION, DISTRIBUTION, ETC. (IMPRINT) | |
| Place of publication | New Delhi |
| Name of publisher | I.K International Publishing House |
| Year of publication | 2010 |
| 300 ## - PHYSICAL DESCRIPTION | |
| Number of Pages | 210. |
| 700 ## - ADDED ENTRY--PERSONAL NAME | |
| Personal name | Rashmi Srivastava, |
| 700 ## - ADDED ENTRY--PERSONAL NAME | |
| Personal name | Seema Wahab, |
No items available.
